Quantitative techniques (Record no. 388990)

MARC details
000 -LEADER
fixed length control field 00552nam a2200193Ia 4500
008 - FIXED-LENGTH DATA ELEMENTS--GENERAL INFORMATION
fixed length control field 191130s2009##################000#0#eng##
020 ## - INTERNATIONAL STANDARD BOOK NUMBER
ISBN 9788179921678
082 ## - DEWEY DECIMAL CLASSIFICATION NUMBER
Classification number 510.24658 RAO
100 ## - MAIN ENTRY--AUTHOR NAME
Personal name Rao, Aditham.B
245 ## - TITLE STATEMENT
Title Quantitative techniques
Statement of responsibility, etc Aditham B.Rao
260 ## - PUBLICATION, DISTRIBUTION, ETC. (IMPRINT)
Place of publication Bangalore
Name of publisher Jaico Publishing House
Year of publication 2009
300 ## - PHYSICAL DESCRIPTION
Number of Pages 527 p.: ill.(some col.), ports.; 27 cm
650 ## - SUBJECT ADDED ENTRY--TOPICAL TERM
Topical Term Business mathematics
Topical Term Mathematics
991 ## -
-- 246615

No items available.

Find us on the map